000 00381nam a2200145Ia 4500
008 230917s9999||||xx |||||||||||||| ||und||
040 _e34841
_aMAIN
041 _aEnglish
082 _a342.54 P196F
100 _aPandey, Ram Darshan
245 0 _aFundamentals rights and constitutional amendments
260 _aDelhi
_bCapital Publishing
_c1985
300 _a232 p.
942 _cBK
999 _c61560
_d61560